| 000 | 00456nam a2200181Ia 4500 | ||
|---|---|---|---|
| 008 | 170918s9999 xx 000 0 und d | ||
| 020 | _a9788174760845 | ||
| 050 | _bS527o 2006 | ||
| 100 | _aShakespeare, William | ||
| 245 | _aOthello / | ||
| 245 | _cby Wiliam Shakespeare. | ||
| 260 | _aNew Delhi : | ||
| 260 | _bUBS Publishers' Distributors Pvt. Ltd., | ||
| 260 | _c2006 | ||
| 300 | _a456 pages : | ||
| 300 | _billustrations ; | ||
| 300 | _c22cm. | ||
| 999 |
_c343345 _d343345 |
||